• 首页
  • 本馆介绍
  • 公告通知
  • 最新文献
  • 馆藏检索
  • 电子资源
  • 读者导购
  • 参考咨询
  • 我的图书馆
  • 登录
  • 详细信息显示
  • 放入我的书架
  • 预约/预借图书
  • 作者相关作品
  • 分类相关作品
  • 丛书相关作品
  • 出版社相关作品

书目信息

  • 表格格式
  • 工作单格式
  • 卡片格式
题名:
林木根系与土壤的拉拔摩擦特性研究
    
 
作者: 陈丽华 主编
分册:  
出版信息: 北京   中国林业出版社  2021.3
页数: 154页
开本: 23cm
丛书名:
单 册:
中图分类: S723.1 , S15
科图分类:
主题词: 林木--根系--关系--土壤--研究
电子资源:
ISBN: 978-7-5219-1043-8
000 01265nam0 2200289 45
001 012001000706
005 20140911171456.0
010    @a978-7-5219-1043-8@dCNY68.00
100    @a20210428d2021 em y0chiy50 ea
101 0  @achi
102    @aCN@b110000
105    @aab z 000yy
106    @ar
200 1  @a林木根系与土壤的拉拔摩擦特性研究@Alin mu gen xi yu tu rang de la ba mo ca te xing yan jiu@f陈丽华等编著
210    @a北京@c中国林业出版社@d2021.3
215    @a154页@c图,照片,地图@d23cm
300    @a并列题名:Research of pull-out friction characteristics between tree roots and soil
312    @a封面英文题名:Research of pull-out friction characteristics between tree roots and soil
314    @a主编取自编写人员名单
330    @a本书在对林木根系形态,以及林木单根抗拉伸特性充分试验研究和分析的基础上,试图探讨在发生滑坡时根系与土壤之间的拉拔摩擦作用,以期为建立根系固土护坡作用的模型提供基础理论研究依据,进而为今后生态护坡工程提供一定的理论支撑。
510 1  @aResearch of pull-out friction characteristics between tree roots and soil@zeng
606 0  @a林木@x根系@x关系@x土壤@x研究
690    @aS723.1@v5
690    @aS15@v5
701  0 @a陈丽华@Achen li hua@4主编@4编著
801  0 @aCN@bBJSDL@c20211011
905    @b1332003-5@dS723.1@e152@f3
    
    林木根系与土壤的拉拔摩擦特性研究/陈丽华等编著.-北京:中国林业出版社,2021.3
    154页:图,照片,地图;23cm
    并列题名:Research of pull-out friction characteristics between tree roots and soil
    
    ISBN 978-7-5219-1043-8:CNY68.00
    本书在对林木根系形态,以及林木单根抗拉伸特性充分试验研究和分析的基础上,试图探讨在发生滑坡时根系与土壤之间的拉拔摩擦作用,以期为建立根系固土护坡作用的模型提供基础理论研究依据,进而为今后生态护坡工程提供一定的理论支撑。
●
相关链接 在E读中查询图书 在五车中查询图书 在当当中查询图书 在豆瓣中查询图书


正题名:林木根系与土壤的拉拔摩擦特性研究     索取号:S723.1/152         预约/预借

序号 登录号 条形码 馆藏地/架位号 状态 备注
1 1332003   213320039   第二样本阅览室/ [索取号:S723.1/152] 在馆    
2 1332004   213320048   第三借阅区/ [索取号:S723.1/152] 在馆    
3 1332005   213320057   第三借阅区/ [索取号:S723.1/152] 在馆    
唐山师范学院图书馆 欢迎您!
大连网信软件有限公司© 版权所有